Представление документа в формате RUSMARC

ПолеНазваниеЗначение
  Тип записи a
  Библиографический уровень c
001 Контрольный номер RU/IS/BASE/298038823
005 Дата корректировки 20201206204642.0
010 Индекс ISBN __
a ISBN 5-17-026703-7
010 Индекс ISBN __
a ISBN 5-271-10026-x
010 Индекс ISBN __
a ISBN 5-9762-1061-9
d Цена 120-00
101 Язык документа 0_
a Язык текста rus
c Язык оригинала rus
200 Заглавие и сведения об ответственности 1_
a Заглавие Вся славянская мифология
e Сведения, относящиеся к заглавию [для мл. и сред. шк. возраста]
f Первые сведения об ответственности Георгий Науменко ; [худож. Г. Алимов]
b Общее обозначение материала Текст
210 Выходные данные __
a Место издания М.
c Издательство Астрель
c Издательство АСТ
c Издательство Хранитель
d Дата издания 2006
215 Физическое описание __
a Объем 189, [3] с.
c Иллюстрации/тип воспроизводства ил.
320 Библиография __
a Библиография Слов.: с. 184-190
327 Примечание о содержании __
a Примечание о содержании Рождение Волха
327 Примечание о содержании __
a Примечание о содержании В царстве огненного щита
327 Примечание о содержании __
a Примечание о содержании Свиток судьбы
327 Примечание о содержании __
a Примечание о содержании Голос горы
327 Примечание о содержании __
a Примечание о содержании Змеиная тропа
327 Примечание о содержании __
a Примечание о содержании Живая вода
327 Примечание о содержании __
a Примечание о содержании Конец Духа Мести
330 Аннотация __
a Аннотация Множество преданий, легенд, поверий, собранных здесь, которые укажут читателю, словно сказочному герою, путь по неведомой тропе в мир Древней Руси.
606 Тематические рубрики __
a Основная рубрика Фольклор
606 Тематические рубрики __
a Основная рубрика Фольклор России
610 Ключевые слова __
a Ключевые слова мифы; мифология; драконы; змеи; сказочные животные; сказочные птицы; птицы; мифические герои; мифические животные; мифические персонажи; мифические существа; легенды; предания; поверья; славянская мифология; Лада; духи (фольклор); Гамаюн; славянские предания
686 Индексы других классификаций __
a Классификационный индекс ст84.2(2)
700 Автор _1
a Фамилия Науменко
b Имя Г. М.
g Полное личное имя Георгий Маркович
4 Код отношения 070
702 Вторичная интеллектуальная ответственность _1
a Фамилия Алимов
b Имя Г.
4 Код отношения Художник
801 Источник записи _0
a Страна RU
b Организация Муниципальное бюджетное учреждение культуры "Централизованная библиотечная система" г. Сургут (Центральная городская библиотека им. А. С. Пушкина)
g Правила каталогизации КиК/Лукашук
801 Источник записи _1
a Страна RU
b Организация Муниципальное бюджетное учреждение культуры "Централизованная библиотечная система" г. Сургут (Центральная городская библиотека им. А. С. Пушкина)
g Правила каталогизации КиК/Лукашук
852 Данные о местонахождении __
j Шифр хранения ст84.2(2)
c Каталожный индекс ст84.2(2)
i Авторский знак Н 34
901 Тип документа __
t Тип документа x
903 Характеристики (МАРС) __
a Дата передачи 20090619
969 Тип издания __
a Тип издания сборник
990 Данные о заказе (DOS) __
j Количество экземпляров (DOS) 1
t N записи в КСУ для И/У (DOS) 200906